000 00212nam a22000857a 4500
008 170327b xxu||||| |||| 00| 0 eng d
100 _93047
_aMisra.M.etal.
245 _aSocial Science-X
260 _aNew delhi
_bAPC
_c2010
999 _c6313
_d6313